00601cam a22002172 4500001001100000005001700011008004100028020001700069040001500086100003800101245008100139250001300220260005300233300002100286650006100307852000300368852000300371852000300374852000300377852000300380000002552020151217154552.0151014s xx 000 0 eng d a1628101065 : aKABUcKABU1 aCarbonneau, Thomas F.@000018241210aCases and materials on arbitration law and practice /cThomas E. Carbonneau. a7th ed. aSt. Paul, MN :bWest Academic publishing,c2015. axxviii, 1042 p. 0aArbitration and awardxCaseszUnited States.@00001824131 1 1 1 1